[Event "Wch Blitz"]
[Site "Samarkand"]
[Date "2023.12.30"]
[Round "15"]
[White "Mustafaev, Jamshid"]
[Black "Bryakin, Mikhail"]
[Result "1/2-1/2"]
[WhiteElo "2313"]
[BlackElo "2486"]
[PlyCount "162"]
[EventDate "2023.12.29"]
[EventType "swiss (blitz)"]
[EventRounds "21"]
[EventCountry "UZB"]
[SourceTitle "CB01_2024"]
[SourceDate "2024.01.03"]
[SourceVersion "1"]
[SourceVersionDate "2024.01.03"]
[SourceQuality "1"]

1. e4 c5 2. Nf3 Nf6 3. d3 Nc6 4. g3 d5 5. exd5 Nxd5 6. Bg2 g6 7. 0-0 Bg7 8. Nbd2 0-0 9. a4 e5 10. Re1 h6 11. Nc4 Re8 12. Nfd2 f5 13. Nf3 Ndb4 14. Be3 b6 15. c3 Nd5 16. Bc1 Bb7 17. a5 Rc8 18. axb6 axb6 19. Qb3 Kh7 20. Nfd2 Rb8 21. Nf1 Bc8 22. Bd2 Be6 23. Qb5 Qc7 24. Nfe3 Red8 25. Red1 Na7 26. Qa6 Nc6 27. Qb5 Nce7 28. Ra3 Bd7 29. Nxd5 Nxd5 30. Qb3 Bc6 31. Rda1 b5 32. Ne3 Nxe3 33. Bxc6 Qxc6 34. Bxe3 c4 35. dxc4 bxc4 36. Qc2 f4 37. Ra6 Qe8 38. Bc5 Rb7 39. Qe4 Rxb2 40. Ra7 Rd7 41. Ra8 Qf7 42. R8a7 Rbb7 43. R7a6 Qf5 44. Qxc4 Rbc7 45. R6a5 f3 46. Qf1 Qc2 47. Bb4 e4 48. Qb1 Qxb1+ 49. Rxb1 Bxc3 50. Bxc3 Rxc3 51. Re5 Rc4 52. Re1 Kg7 53. h3 Rdd4 54. g4 Kf6 55. Re8 Kg5 56. Kh2 Kf6 57. Kg3 g5 58. Re3 Ra4 59. Re1 Rdc4 60. Re3 Kf7 61. Re5 Rab4 62. Re1 Kf6 63. Re8 Rd4 64. Re3 Rdc4 65. Re1 Kg6 66. Re3 h5 67. gxh5+ Kxh5 68. Re6 Rd4 69. Re1 Ra4 70. Re3 Rdb4 71. Re1 Rc4 72. Re3 Rab4 73. Re1 Rd4 74. Re3 Ra4 75. Re1 Rac4 76. Re3 Rb4 77. Re1 Rdc4 78. Re3 Ra4 79. Re1 Rcb4 80. Re3 Rc4 81. Rb3 Rc1 1/2-1/2

[Event "Wch Blitz"]
[Site "Samarkand"]
[Date "2023.12.30"]
[Round "13"]
[White "Mustafaev, Jamshid"]
[Black "Zeng, Chongsheng"]
[Result "0-1"]
[WhiteElo "2313"]
[BlackElo "2577"]
[PlyCount "88"]
[EventDate "2023.12.29"]
[EventType "swiss (blitz)"]
[EventRounds "21"]
[EventCountry "UZB"]
[SourceTitle "CB01_2024"]
[SourceDate "2024.01.03"]
[SourceVersion "1"]
[SourceVersionDate "2024.01.03"]
[SourceQuality "1"]

1. Nf3 d5 2. g3 Nd7 3. Bg2 e5 4. d3 Ngf6 5. 0-0 Bd6 6. c4 c6 7. cxd5 cxd5 8. Nc3 0-0 9. Bg5 h6 10. Bxf6 Nxf6 11. e4 dxe4 12. dxe4 Be6 13. Qe2 Qe7 14. Rfd1 Rfd8 15. Nd5 Nxd5 16. exd5 Bg4 17. h3 Bh5 18. g4 Bg6 19. Nd2 Bc5 20. Nb3 Bd6 21. Nd2 Rac8 22. Ne4 Bxe4 23. Qxe4 Qg5 24. Rd3 g6 25. Rb3 b6 26. Rd1 Kg7 27. Rc3 Rxc3 28. bxc3 Rc8 29. c4 Rc5 30. Bf1 Ra5 31. Qe2 Qf4 32. Qc2 Ra3 33. Bg2 Ra5 34. Rb1 Rc5 35. Bf1 e4 36. Bg2 e3 37. fxe3 Qxe3+ 38. Kh1 Qf4 39. Kg1 Rxc4 40. Qe2 Rd4 41. Rd1 Qh2+ 42. Kf1 Rf4+ 43. Ke1 Bb4+ 44. Rd2 Rd4 0-1

[Event "Wch Blitz"]
[Site "Samarkand"]
[Date "2023.12.30"]
[Round "20"]
[White "Savchenko, Boris"]
[Black "Mustafaev, Jamshid"]
[Result "1-0"]
[WhiteElo "2505"]
[BlackElo "2313"]
[PlyCount "85"]
[EventDate "2023.12.29"]
[EventType "swiss (blitz)"]
[EventRounds "21"]
[EventCountry "UZB"]
[SourceTitle "CB01_2024"]
[SourceDate "2024.01.03"]
[SourceVersion "1"]
[SourceVersionDate "2024.01.03"]
[SourceQuality "1"]

1. e4 c5 2. Nf3 d6 3. d4 cxd4 4. Nxd4 Nf6 5. Nc3 a6 6. Bg5 e6 7. f4 b5 8. e5 dxe5 9. fxe5 Qc7 10. Qe2 Nfd7 11. 0-0-0 Bb7 12. Bf4 Nc6 13. Nxc6 Qxc6 14. Qg4 g6 15. Bd3 Bg7 16. Be4 Qc8 17. Qf3 Rb8 18. h4 b4 19. Bxb7 Qxb7 20. Ne4 0-0 21. h5 Nxe5 22. Bxe5 Bxe5 23. Nf6+ Kg7 24. h6+ Kh8 25. Nd7 Qxf3 26. gxf3 Bf4+ 27. Kb1 Rbc8 28. Nxf8 Rxf8 29. Rd4 e5 30. Rxb4 g5 31. a4 f5 32. Rg1 Rg8 33. a5 g4 34. fxg4 fxg4 35. Rg2 g3 36. Rb6 Be3 37. Rxa6 Bf2 38. Re6 Rf8 39. Rxe5 Kg8 40. Rg5+ Kh8 41. c3 Rf6 42. b4 Rxh6 43. R5xg3 1-0

[Event "Wch Blitz"]
[Site "Samarkand"]
[Date "2023.12.29"]
[Round "6"]
[White "Khusenkhojaev, Mustafokhuja"]
[Black "Mustafaev, Jamshid"]
[Result "0-1"]
[WhiteElo "2298"]
[BlackElo "2313"]
[PlyCount "165"]
[EventDate "2023.12.29"]
[EventType "swiss (blitz)"]
[EventRounds "21"]
[EventCountry "UZB"]
[SourceTitle "CB01_2024"]
[SourceDate "2024.01.03"]
[SourceVersion "1"]
[SourceVersionDate "2024.01.03"]
[SourceQuality "1"]

1. d4 Nf6 2. Nf3 g6 3. c4 Bg7 4. Nc3 0-0 5. g3 d6 6. Bg2 Nbd7 7. 0-0 e5 8. e4 exd4 9. Nxd4 Re8 10. Qc2 Nc5 11. Rd1 a5 12. h3 Nfd7 13. Be3 c6 14. b3 Qe7 15. Rd2 Nf6 16. f3 Nfd7 17. Re1 Nf8 18. f4 h5 19. Bf2 Qf6 20. Nde2 h4 21. e5 Qf5 22. Qxf5 Bxf5 23. g4 Bd3 24. Red1 Bxe2 25. Nxe2 Nce6 26. Rxd6 a4 27. b4 a3 28. Bxh4 g5 29. fxg5 Bxe5 30. R6d3 Ra4 31. Rb1 Nf4 32. Nxf4 Bxf4 33. b5 Rxc4 34. bxc6 bxc6 35. Rxa3 Rc2 36. Re1 Rxe1+ 37. Bxe1 Bxg5 38. Ra8 Rc1 39. Kf1 Bh4 40. Re8 Kg7 41. Re4 Ne6 42. a4 Nf4 43. Bf3 Nd3 44. g5 Bxe1 45. Ke2 Nc5 46. Re7 Bh4 47. Rc7 Ne6 48. Ra7 Bxg5 49. Bg4 Nd4+ 50. Kd3 Ra1 51. Kxd4 c5+ 52. Kc4 Be3 53. Be6 Kf6 54. Bxf7 Rc1+ 55. Kd3 Bd4 56. a5 Rc3+ 57. Kd2 Rxh3 58. Bc4 Rc3 59. Bb5 Rb3 60. Rb7 c4 61. a6 Rb2+ 62. Kc1 c3 63. Bd3 Ra2 64. Kb1 Ra5 65. Kc2 Ke5 66. Kb3 Ra1 67. Rb5+ Kf4 68. Rb4 Ke3 69. Bc2 Rxa6 70. Rb7 Kd2 71. Bf5 Ra5 72. Bg6 Rc5 73. Rh7 Be5 74. Rh2+ Ke3 75. Rh3+ Kd2 76. Rh5 Rb5+ 77. Kc4 Rb6 78. Rxe5 Rxg6 79. Rd5+ Kc2 80. Rh5 Rg4+ 81. Kb5 Kb2 82. Rh2+ c2 83. Rf2 0-1

[Event "Wch Blitz"]
[Site "Samarkand"]
[Date "2023.12.29"]
[Round "4"]
[White "Mustafaev, Jamshid"]
[Black "Nafri, Khalil"]
[Result "0-1"]
[WhiteElo "2313"]
[BlackElo "2248"]
[PlyCount "110"]
[EventDate "2023.12.29"]
[EventType "swiss (blitz)"]
[EventRounds "21"]
[EventCountry "UZB"]
[SourceTitle "CB01_2024"]
[SourceDate "2024.01.03"]
[SourceVersion "1"]
[SourceVersionDate "2024.01.03"]
[SourceQuality "1"]

1. Nf3 Nf6 2. g3 g6 3. Bg2 Bg7 4. 0-0 0-0 5. d3 d5 6. Nbd2 c5 7. e4 Nc6 8. exd5 Nxd5 9. Re1 Bf5 10. Nc4 Rc8 11. h3 Nd4 12. g4 Nxf3+ 13. Qxf3 Be6 14. c3 b5 15. Ne5 Qd6 16. Qe2 b4 17. Bd2 bxc3 18. bxc3 Rb8 19. f4 Rb2 20. Nc4 Nxc3 21. Bxc3 Rxe2 22. Nxd6 Rxe1+ 23. Rxe1 Bxc3 24. Rxe6 fxe6 25. Ne4 Bd4+ 26. Kf1 Rxf4+ 27. Ke2 Rf8 28. Bf3 h6 29. Nd2 Rb8 30. Nc4 Rb1 31. Be4 Kg7 32. Bc6 Ra1 33. a4 Ra2+ 34. Kf3 Kf6 35. Kg3 Rc2 36. Be4 h5 37. gxh5 gxh5 38. Bf3 Rc3 39. Be4 Kg5 40. h4+ Kf6 41. Kf3 Rc2 42. Kg3 Bf2+ 43. Kh3 Be1 44. Bf3 Rc3 45. Be4 e5 46. Ne3 e6 47. Nc4 Bf2 48. Nd2 Rc1 49. Nf3 Be3 50. Kg2 Bf4 51. Kf2 Rc2+ 52. Kf1 Ra2 53. Bc6 Kf5 54. Be4+ Kg4 55. Ne1 Kxh4 0-1

[Event "Wch Blitz"]
[Site "Samarkand"]
[Date "2023.12.29"]
[Round "5"]
[White "Mustafaev, Jamshid"]
[Black "Yonal, Timur"]
[Result "0-1"]
[WhiteElo "2313"]
[BlackElo "2003"]
[PlyCount "52"]
[EventDate "2023.12.29"]
[EventType "swiss (blitz)"]
[EventRounds "21"]
[EventCountry "UZB"]
[SourceTitle "CB01_2024"]
[SourceDate "2024.01.03"]
[SourceVersion "1"]
[SourceVersionDate "2024.01.03"]
[SourceQuality "1"]

1. e4 c5 2. Nf3 d6 3. d3 Nf6 4. g3 g6 5. Bg2 Bg7 6. 0-0 0-0 7. Nbd2 Nc6 8. Re1 e5 9. a4 Ne8 10. Nc4 h6 11. c3 f5 12. Nfd2 f4 13. Nf1 g5 14. Bf3 Nf6 15. gxf4 exf4 16. e5 dxe5 17. Nxe5 Nxe5 18. Rxe5 g4 19. Be4 Qd6 20. d4 Nxe4 21. Rxe4 b6 22. d5 h5 23. f3 gxf3 24. Qxf3 Bg4 25. Qg2 f3 26. Qd2 f2+ 0-1

[Event "Wch Blitz"]
[Site "Samarkand"]
[Date "2023.12.29"]
[Round "1"]
[White "Pantsulaia, Levan"]
[Black "Mustafaev, Jamshid"]
[Result "1-0"]
[WhiteElo "2561"]
[BlackElo "2313"]
[PlyCount "32"]
[EventDate "2023.12.29"]
[EventType "swiss (blitz)"]
[EventRounds "21"]
[EventCountry "UZB"]
[SourceTitle "CB01_2024"]
[SourceDate "2024.01.03"]
[SourceVersion "1"]
[SourceVersionDate "2024.01.03"]
[SourceQuality "1"]

1. Nf3 Nf6 2. g3 g6 3. b3 Bg7 4. Bb2 0-0 5. Bg2 d6 6. d4 Nbd7 7. 0-0 e5 8. dxe5 Ng4 9. Qd2 Ngxe5 10. c4 a5 11. Nc3 Nxf3+ 12. exf3 Nb6 13. f4 a4 14. Rad1 axb3 15. axb3 Bg4 16. f5 Ra1 1-0

[Event "Wch Rapid"]
[Site "Samarkand"]
[Date "2023.12.28"]
[Round "12"]
[White "Ilkhomi, Jaloliddin"]
[Black "Mustafaev, Jamshid"]
[Result "1-0"]
[WhiteElo "2222"]
[BlackElo "2313"]
[PlyCount "125"]
[EventDate "2023.12.26"]
[EventType "swiss (rapid)"]
[EventRounds "13"]
[EventCountry "UZB"]
[SourceTitle "CB01_2024"]
[SourceDate "2024.01.03"]
[SourceVersion "1"]
[SourceVersionDate "2024.01.03"]
[SourceQuality "1"]

1. Nf3 Nf6 2. c4 g6 3. Nc3 Bg7 4. e4 d6 5. d4 0-0 6. Be2 Nbd7 7. 0-0 e5 8. h3 exd4 9. Nxd4 Nc5 10. Bf3 Re8 11. Re1 a5 12. b3 Nfd7 13. Bb2 Ne5 14. Be2 a4 15. Rb1 axb3 16. axb3 c6 17. Nf3 Qe7 18. Nxe5 dxe5 19. Bf1 Rd8 20. Qc2 Qg5 21. Bc1 Qh4 22. Be3 Ne6 23. Ne2 Nd4 24. Bxd4 exd4 25. Qd3 f5 26. Ng3 Ra2 27. Re2 Rxe2 28. Bxe2 fxe4 29. Nxe4 Bf5 30. Bf3 Bxe4 31. Bxe4 Rf8 32. Rf1 Be5 33. c5 Qe7 34. b4 Kh8 35. Re1 Qf6 36. Rf1 Bc7 37. g3 Qg7 38. Kg2 Re8 39. Re1 Qf6 40. Re2 Rf8 41. Bf3 Kg7 42. Re4 Rd8 43. Re2 Rd7 44. b5 cxb5 45. Qxb5 Rf7 46. Qd3 b5 47. Rb2 h5 48. h4 b4 49. Rxb4 g5 50. hxg5 Qxg5 51. Qxd4+ Be5 52. Qh4 Qd2 53. Qxh5 Qxb4 54. Qxe5+ Rf6 55. Qg5+ Rg6 56. Qe7+ Kh6 57. Qf8+ Rg7 58. Qh8+ Kg6 59. Bh5+ Kf6 60. Qf8+ Kg5 61. Qxg7+ Kxh5 62. Qh7+ Kg5 63. Qh4+ 1-0

[Event "Wch Rapid"]
[Site "Samarkand"]
[Date "2023.12.27"]
[Round "6"]
[White "Mustafaev, Jamshid"]
[Black "Jobava, Baadur"]
[Result "0-1"]
[WhiteElo "2313"]
[BlackElo "2591"]
[PlyCount "80"]
[EventDate "2023.12.26"]
[EventType "swiss (rapid)"]
[EventRounds "13"]
[EventCountry "UZB"]
[SourceTitle "CB01_2024"]
[SourceDate "2024.01.03"]
[SourceVersion "1"]
[SourceVersionDate "2024.01.03"]
[SourceQuality "1"]

1. Nf3 d5 2. g3 c6 3. Bg2 Bg4 4. h3 Bxf3 5. exf3 g6 6. 0-0 Bg7 7. f4 e6 8. d4 Ne7 9. c3 Nd7 10. Nd2 0-0 11. Nf3 c5 12. dxc5 Nxc5 13. Be3 Rc8 14. Bd4 Nf5 15. Bxg7 Kxg7 16. Re1 Qb6 17. g4 Nd6 18. Rb1 Nce4 19. Nd4 Rfe8 20. Qe2 Qa5 21. f3 Nf6 22. Qe5 Nc4 23. Qg5 Qc7 24. f5 h6 25. Qh4 exf5 26. g5 Ng8 27. gxh6+ Nxh6 28. f4 Nd2 29. Rbd1 Rxe1+ 30. Qxe1 Ne4 31. Qe3 Qb6 32. Qe2 Ng8 33. Kh2 Ngf6 34. Rg1 Qc7 35. Qe3 Ng5 36. Bh1 Re8 37. Nxf5+ Kf8 38. Qd2 Nge4 39. Bxe4 Nxe4 40. Qd4 gxf5 0-1

[Event "Wch Rapid"]
[Site "Samarkand"]
[Date "2023.12.26"]
[Round "5"]
[White "Bryakin, Mikhail"]
[Black "Mustafaev, Jamshid"]
[Result "1-0"]
[WhiteElo "2486"]
[BlackElo "2313"]
[PlyCount "53"]
[EventDate "2023.12.26"]
[EventType "swiss (rapid)"]
[EventRounds "13"]
[EventCountry "UZB"]
[SourceTitle "CB01_2024"]
[SourceDate "2024.01.03"]
[SourceVersion "1"]
[SourceVersionDate "2024.01.03"]
[SourceQuality "1"]

1. d4 Nf6 2. Nc3 e6 3. e4 d5 4. Bg5 dxe4 5. Nxe4 Nbd7 6. Nf3 Be7 7. Nxf6+ Nxf6 8. Bd3 c5 9. dxc5 Qa5+ 10. c3 Qxc5 11. 0-0 0-0 12. Qe2 Rd8 13. Rad1 Bd7 14. Ne5 Ba4 15. b3 Be8 16. c4 g6 17. Rfe1 Nh5 18. Bxe7 Qxe7 19. Qe3 b6 20. g4 Nf6 21. g5 Nh5 22. h4 Rd6 23. Be2 Rad8 24. Rxd6 Rxd6 25. Ng4 f5 26. Nh6+ Kf8 27. Bxh5 1-0

[Event "Wch Rapid"]
[Site "Samarkand"]
[Date "2023.12.26"]
[Round "4"]
[White "Mustafaev, Jamshid"]
[Black "Zilka, Stepan"]
[Result "1/2-1/2"]
[WhiteElo "2313"]
[BlackElo "2615"]
[PlyCount "61"]
[EventDate "2023.12.26"]
[EventType "swiss (rapid)"]
[EventRounds "13"]
[EventCountry "UZB"]
[SourceTitle "CB01_2024"]
[SourceDate "2024.01.03"]
[SourceVersion "1"]
[SourceVersionDate "2024.01.03"]
[SourceQuality "1"]

1. Nf3 Nf6 2. g3 d5 3. Bg2 e6 4. 0-0 Be7 5. d3 c5 6. Nbd2 Nc6 7. e4 b6 8. Re1 Bb7 9. exd5 Nxd5 10. Nc4 0-0 11. a4 a6 12. c3 Rb8 13. h4 b5 14. axb5 axb5 15. Nce5 Nxe5 16. Nxe5 Bd6 17. Qe2 Ne7 18. Bxb7 Rxb7 19. Ra6 Bxe5 20. Qxe5 Qxd3 21. Qxc5 b4 22. Rd6 Qf5 23. cxb4 h6 24. Rb6 Rxb6 25. Qxb6 Nd5 26. Qd4 Qf3 27. Bd2 Rc8 28. Bc3 Nxc3 29. bxc3 Rxc3 30. Rb1 Rd3 31. Qc5 1/2-1/2

[Event "UZB-ch 1st League"]
[Site "Tashkent"]
[Date "2009.04.16"]
[Round "6"]
[White "Mustafaev, Jamshid"]
[Black "Kholmirzaev, Bakhodir"]
[Result "1/2-1/2"]
[WhiteElo "2367"]
[BlackElo "2265"]
[PlyCount "110"]
[EventDate "2009.04.11"]
[EventType "tourn"]
[EventRounds "13"]
[EventCountry "UZB"]
[SourceTitle "CBM 130 Extra"]
[Source "ChessBase"]
[SourceDate "2009.07.02"]
[SourceVersion "2"]
[SourceVersionDate "2009.07.15"]
[SourceQuality "1"]

1. c4 Nc6 2. Nc3 e5 3. g3 g6 4. Bg2 Bg7 5. d3 d6 6. e3 f5 7. Nge2 Nf6 8. 0-0 0-0 9. Rb1 Be6 10. Nd5 Qd7 11. Nec3 Rae8 12. Qa4 g5 13. f4 gxf4 14. exf4 e4 15. dxe4 fxe4 16. Be3 Ng4 17. Rbe1 Bf5 18. Rd1 Bxc3 19. bxc3 Qg7 20. Rfe1 Qh6 21. h3 Nxe3 22. Rxe3 Bxh3 23. c5 dxc5 24. Rxe4 Bf5 25. Rxe8 Rxe8 26. Nxc7 Re7 27. Qc4+ Kg7 28. Nd5 Qh5 29. Rd2 Re1+ 30. Kf2 Rd1 31. Rxd1 Qxd1 32. Ne3 Qd2+ 33. Qe2 Qxe2+ 34. Kxe2 Bd7 35. g4 b5 36. g5 Ne7 37. Be4 h6 38. c4 bxc4 39. Nxc4 Bb5 40. Kd3 hxg5 41. fxg5 Nc8 42. Kc3 Bxc4 43. Kxc4 Nd6+ 44. Kd5 Nxe4 45. Kxe4 Kg6 46. Kd5 Kxg5 47. Kxc5 Kf6 48. a4 Ke7 49. Kc6 Kd8 50. a5 Kc8 51. a6 Kd8 52. Kb7 Kd7 53. Kxa7 Kc7 54. Ka8 Kc8 55. a7 Kc7 1/2-1/2

[Event "UZB-ch 1st League"]
[Site "Tashkent"]
[Date "2009.04.15"]
[Round "5"]
[White "Kasyan, Aleksandr"]
[Black "Mustafaev, Jamshid"]
[Result "0-1"]
[WhiteElo "2305"]
[BlackElo "2367"]
[PlyCount "74"]
[EventDate "2009.04.11"]
[EventType "tourn"]
[EventRounds "13"]
[EventCountry "UZB"]
[SourceTitle "CBM 130 Extra"]
[Source "ChessBase"]
[SourceDate "2009.07.02"]
[SourceVersion "2"]
[SourceVersionDate "2009.07.15"]
[SourceQuality "1"]

1. d4 d5 2. c4 e6 3. Nc3 Be7 4. cxd5 exd5 5. Bf4 Nf6 6. e3 0-0 7. Bd3 c5 8. Nge2 Nc6 9. dxc5 Bxc5 10. Bg5 d4 11. exd4 Nxd4 12. 0-0 Bg4 13. Qa4 Bxe2 14. Bxe2 Qb6 15. Bc4 Rfe8 16. Rac1 Qd6 17. Bxf6 Qxf6 18. Qd7 Re5 19. Rcd1 b5 20. Nxb5 Rd8 21. Qg4 h5 22. Qg3 Ne2+ 23. Bxe2 Rxe2 24. Rxd8+ Qxd8 25. Nc3 Rxb2 26. Qf3 Qh4 27. Ne4 Bb6 28. a3 Qg4 29. Qd3 h4 30. h3 Qf4 31. Rd1 f5 32. Qc4+ Kh8 33. Qc8+ Kh7 34. Nf6+ Kg6 35. Qe8+ Kxf6 36. Qf8+ Kg6 37. Qe8+ Kh7 0-1

[Event "UZB-ch 1st League"]
[Site "Tashkent"]
[Date "2009.04.14"]
[Round "4"]
[White "Mustafaev, Jamshid"]
[Black "Niyazmetov, Ruslan"]
[Result "1/2-1/2"]
[WhiteElo "2367"]
[BlackElo "2227"]
[PlyCount "70"]
[EventDate "2009.04.11"]
[EventType "tourn"]
[EventRounds "13"]
[EventCountry "UZB"]
[SourceTitle "CBM 130 Extra"]
[Source "ChessBase"]
[SourceDate "2009.07.02"]
[SourceVersion "2"]
[SourceVersionDate "2009.07.15"]
[SourceQuality "1"]

1. g3 e5 2. Bg2 Nf6 3. d3 d5 4. Nf3 Nc6 5. 0-0 Be7 6. c3 0-0 7. Nbd2 e4 8. Ne1 Bc5 9. Nc2 Re8 10. dxe4 dxe4 11. Nb3 Bd6 12. Nbd4 Nxd4 13. Nxd4 a6 14. b4 Bd7 15. Qc2 h6 16. Rb1 Qc8 17. Rd1 Bh3 18. f4 exf3 19. exf3 c5 20. Bxh3 Qxh3 21. Qf5 Qxf5 22. Nxf5 Bf8 23. bxc5 Bxc5+ 24. Kf1 Re5 25. g4 b5 26. c4 Rae8 27. cxb5 Nd5 28. bxa6 Nc3 29. Bb2 Re2 30. Bxc3 Rf2+ 31. Kg1 Ree2 32. Bd4 Bxd4 33. Nxd4 Rg2+ 34. Kh1 Rxh2+ 35. Kg1 Rhg2+ 1/2-1/2

[Event "UZB-ch 1st League"]
[Site "Tashkent"]
[Date "2009.04.13"]
[Round "3"]
[White "Gubaydulin, Talgat"]
[Black "Mustafaev, Jamshid"]
[Result "1/2-1/2"]
[WhiteElo "2265"]
[BlackElo "2367"]
[PlyCount "37"]
[EventDate "2009.04.11"]
[EventType "tourn"]
[EventRounds "13"]
[EventCountry "UZB"]
[SourceTitle "CBM 130 Extra"]
[Source "ChessBase"]
[SourceDate "2009.07.02"]
[SourceVersion "2"]
[SourceVersionDate "2009.07.15"]
[SourceQuality "1"]

1. d4 Nf6 2. c4 c5 3. d5 b5 4. cxb5 a6 5. bxa6 Bxa6 6. Nc3 g6 7. g3 Bg7 8. Bg2 d6 9. Nf3 0-0 10. 0-0 Nbd7 11. Rb1 Qa5 12. Qc2 Rfb8 13. Bd2 Ne8 14. b3 Qa3 15. Bc1 Qa5 16. Bd2 Qa3 17. Bc1 Qa5 18. Bd2 Qa3 19. Bc1 1/2-1/2

[Event "Wch U18"]
[Site "Vung Tau"]
[Date "2008.10.30"]
[Round "11"]
[White "Mustafaev, Jamshid"]
[Black "Darini, Pouria"]
[Result "1/2-1/2"]
[WhiteElo "2393"]
[BlackElo "2263"]
[PlyCount "115"]
[EventDate "2008.10.20"]
[EventType "swiss"]
[EventRounds "11"]
[EventCountry "VIE"]
[SourceTitle "EXT 2009"]
[Source "ChessBase"]
[SourceDate "2008.11.26"]
[SourceVersion "1"]
[SourceVersionDate "2008.11.26"]
[SourceQuality "1"]

1. d4 Nf6 2. Nf3 e6 3. c4 b6 4. g3 Ba6 5. b3 Bb4+ 6. Bd2 Be7 7. Qc2 0-0 8. Bg2 d5 9. Ne5 c6 10. Bc3 Nfd7 11. Nd2 Nxe5 12. dxe5 Nd7 13. 0-0 b5 14. cxd5 cxd5 15. Bd4 Rc8 16. Qb2 b4 17. Nf3 Qa5 18. Rfc1 Nc5 19. a3 Bb7 20. Nd2 a6 21. Bf1 bxa3 22. Rxa3 Qb4 23. Bc3 Qg4 24. Raa1 Nd7 25. e3 Qf5 26. Bd4 Nc5 27. Bxc5 Bxc5 28. b4 Bb6 29. Bxa6 Rxc1+ 30. Qxc1 Ba8 31. Qc3 f6 32. Bd3 Qxe5 33. Qxe5 fxe5 34. Rb1 Rb8 35. Be2 Bc6 36. Nf3 e4 37. Ne5 Be8 38. Bg4 Bb5 39. Bxe6+ Kf8 40. Ra1 d4 41. Kg2 dxe3 42. fxe3 Bxe3 43. Bc4 Bd4 44. Bxb5 Bxe5 45. Rf1+ Ke7 46. Bc6 Rxb4 47. Re1 Rb2+ 48. Kh1 Kd6 49. Bxe4 h5 50. Rd1+ Ke6 51. Bd5+ Kf5 52. Rf1+ Kg5 53. Re1 Bb8 54. Re4 Rd2 55. Bc4 Kf5 56. Re2 Rd1+ 57. Kg2 Ba7 58. h4 1/2-1/2

[Event "Wch U18"]
[Site "Vung Tau"]
[Date "2008.10.27"]
[Round "8"]
[White "Bizopoulos, Alexandros"]
[Black "Mustafaev, Jamshid"]
[Result "0-1"]
[WhiteElo "2150"]
[BlackElo "2393"]
[PlyCount "90"]
[EventDate "2008.10.20"]
[EventType "swiss"]
[EventRounds "11"]
[EventCountry "VIE"]
[SourceTitle "EXT 2009"]
[Source "ChessBase"]
[SourceDate "2008.11.26"]
[SourceVersion "1"]
[SourceVersionDate "2008.11.26"]
[SourceQuality "1"]

1. Nf3 d5 2. c4 c6 3. b3 Nf6 4. g3 Bf5 5. Bg2 Nbd7 6. Bb2 e6 7. 0-0 Bd6 8. d3 Bg6 9. Nbd2 0-0 10. Qc2 Qe7 11. e3 Nc5 12. Bxf6 Qxf6 13. e4 dxe4 14. Nxe4 Bxe4 15. dxe4 a5 16. Rad1 e5 17. Rd2 Bc7 18. Rfd1 Rfd8 19. h4 Rxd2 20. Rxd2 Rd8 21. Nh2 Rxd2 22. Qxd2 Qd6 23. Qxd6 Bxd6 24. Ng4 Nd3 25. Bf1 Nc1 26. c5 Bxc5 27. Nxe5 Bd4 28. Nf3 Bc3 29. a3 h6 30. b4 axb4 31. axb4 Bxb4 32. Ne5 Bc3 33. f4 Bxe5 34. fxe5 Kf8 35. Kf2 Ke7 36. Ke3 Nb3 37. Bh3 Nc5 38. Bc8 Kd8 39. Bf5 Ne6 40. Kd3 b5 41. Kc3 c5 42. Kb3 Nd4+ 43. Kc3 Nc6 44. e6 f6 45. Bg4 Ke7 0-1

[Event "Wch U18"]
[Site "Vung Tau"]
[Date "2008.10.22"]
[Round "3"]
[White "Mitrovic, Boris"]
[Black "Mustafaev, Jamshid"]
[Result "0-1"]
[WhiteElo "2146"]
[BlackElo "2393"]
[PlyCount "66"]
[EventDate "2008.10.20"]
[EventType "swiss"]
[EventRounds "11"]
[EventCountry "VIE"]
[SourceTitle "EXT 2009"]
[Source "ChessBase"]
[SourceDate "2008.11.26"]
[SourceVersion "1"]
[SourceVersionDate "2008.11.26"]
[SourceQuality "1"]

1. e4 e6 2. d3 d5 3. Nd2 Nf6 4. Ngf3 b6 5. g3 dxe4 6. dxe4 Bc5 7. Bd3 e5 8. Nc4 Nc6 9. Be3 Qe7 10. c3 a5 11. 0-0 0-0 12. Bxc5 Qxc5 13. Ne3 h6 14. Qe2 Be6 15. Rfd1 a4 16. Kg2 Rfd8 17. Bc4 Bxc4 18. Nxc4 b5 19. Na3 Rab8 20. Rxd8+ Nxd8 21. Nc2 Qc4 22. Qxc4 bxc4 23. Nb4 Nxe4 24. Nxe5 c5 25. Nd5 Rxb2 26. Nxc4 Rxf2+ 27. Kg1 Re2 28. Rb1 Ne6 29. Rb2 Re1+ 30. Kg2 Rc1 31. Ncb6 a3 32. Rb3 Rc2+ 33. Kh1 Nd2 0-1

[Event "Wch U18"]
[Site "Vung Tau"]
[Date "2008.10.20"]
[Round "1"]
[White "Mustafaev, Jamshid"]
[Black "Schon, Eugene"]
[Result "1-0"]
[WhiteElo "2393"]
[BlackElo "2066"]
[PlyCount "73"]
[EventDate "2008.10.20"]
[EventType "swiss"]
[EventRounds "11"]
[EventCountry "VIE"]
[SourceTitle "EXT 2009"]
[Source "ChessBase"]
[SourceDate "2008.11.26"]
[SourceVersion "1"]
[SourceVersionDate "2008.11.26"]
[SourceQuality "1"]

1. e4 c5 2. Nf3 Nc6 3. Nc3 Nf6 4. d4 cxd4 5. Nxd4 e5 6. Ndb5 d6 7. Bg5 a6 8. Na3 b5 9. Nd5 Be7 10. Bxf6 Bxf6 11. c4 b4 12. Nc2 a5 13. Qf3 Be6 14. Rd1 Bg5 15. g3 Bxd5 16. cxd5 Nb8 17. Bb5+ Nd7 18. Qg4 Rc8 19. Ne3 Bxe3 20. fxe3 g6 21. 0-0 Rc7 22. Rc1 Rxc1 23. Rxc1 Ke7 24. Rf1 Rf8 25. Qh4+ f6 26. Qxh7+ Rf7 27. Qxg6 Nc5 28. Be2 Qh8 29. Bh5 Rf8 30. g4 Kd8 31. Kh1 Nd7 32. Rc1 Rg8 33. Qf7 Nc5 34. Qa7 a4 35. Rxc5 dxc5 36. d6 Qg7 37. Bf7 1-0

[Event "UZB-ch U20"]
[Site "Tashkent"]
[Date "2008.09.23"]
[Round "5"]
[White "Kasyan, Aleksandr"]
[Black "Mustafaev, Jamshid"]
[Result "1/2-1/2"]
[WhiteElo "2311"]
[BlackElo "2393"]
[PlyCount "63"]
[EventDate "2008.09.19"]
[EventType "tourn"]
[EventRounds "13"]
[EventCountry "UZB"]
[SourceTitle "CBM 126 Extra"]
[Source "ChessBase"]
[SourceDate "2008.11.05"]
[SourceVersion "1"]
[SourceVersionDate "2008.11.05"]
[SourceQuality "1"]

1. d4 Nf6 2. c4 e6 3. Nc3 Bb4 4. Nf3 b6 5. Bg5 Bb7 6. e3 h6 7. Bh4 g5 8. Bg3 Ne4 9. Qc2 Bxc3+ 10. bxc3 d6 11. Bd3 f5 12. d5 Nd7 13. Bxe4 fxe4 14. Qxe4 Qf6 15. 0-0 0-0-0 16. Qxe6 Qxe6 17. dxe6 Nc5 18. Nd4 Rde8 19. f3 Nxe6 20. e4 Nd8 21. a4 a5 22. Rfd1 Nf7 23. Nb5 h5 24. Rab1 Ne5 25. Bxe5 Rxe5 26. Kf2 Kd7 27. Ke3 Bc6 28. Kd4 Rf8 29. h3 Rf4 30. Ke3 Rf7 31. Rd4 Re8 32. Rh1 1/2-1/2